Demi generasiku

Bibliographic Details
Main Author: W.S Uzala
Format: Book
Published: Selangor : Eddipex , 2005
Series:Siri kepadamu tanah airku
Subjects:

MARC

LEADER 00000cam a2200000 7i4500
001 0000004172
005 20160330.0
008 070725
020 |a 9838806234(set) 
020 |a 9838806307 
090 0 0 |a WSU   |b MAL 
100 0 |a W.S Uzala 
245 1 0 |a Demi generasiku   |c W.S Uzala 
260 |a Selangor :   |b Eddipex ,   |c 2005 
440 |a Siri kepadamu tanah airku 
500 |a Teenager ages 13-18 years old (blue) 
650 0 |a Malay fiction 
650 0 |a Malay   |x Languages 
999 |a 0000975647   |b Book   |c Teenagers   |e Perbadanan Perpustakaan Awam Johor 
999 |a 0000975648   |b Book   |c Teenagers   |e Perbadanan Perpustakaan Awam Johor 
999 |a 0000975649   |b Book   |c Teenagers   |e Perbadanan Perpustakaan Awam Johor 
999 |a 0000975683   |b Book   |c Teenagers   |e Perbadanan Perpustakaan Awam Johor 
999 |a 0000975684   |b Book   |c Teenagers   |e Perbadanan Perpustakaan Awam Johor 
999 |a 0001044843   |b Book   |c Teenagers   |e Cawangan Bandar Tenggara 
999 |a 0001052251   |b Book   |c Teenagers   |e Cawangan Tangkak 
999 |a 0001052252   |b Book   |c Teenagers   |e Cawangan Bukit Gambir